На Какой Реке Стоит Этот Город? - Statistics

General Stats
  • This quiz has been taken 8 times
  • The average score is 38 of 90
Answer Stats
Город Река % Correct
Ярославль Волга
100%
Лондон Темза
100%
Санкт-Петербург Нева
100%
Смоленск Днепр
100%
Красноярск Енисей
100%
Тирасполь Днестр
100%
Каир Нил
83%
Рим Тибр
83%
Новосибирск Обь
83%
Омск Иртыш
83%
Багдад Тигр
83%
Пермь Кама
83%
Якутск Лена
83%
Кёльн Рейн
83%
Турин По
83%
Хабаровск Амур
83%
Манаус Амазонка
83%
Тобольск Тобол
83%
Париж Сена
67%
Нью-Йорк Гудзон
67%
Братислава Дунай
67%
Варшава Висла
67%
Краснодар Кубань
67%
Оренбург Урал
67%
Новый Орлеан Миссисипи
67%
Шанхай Янцзы
67%
Пномпень Меконг
67%
Варанаси Ганг
67%
Ниамей Нигер
67%
Иркутск Ангара
67%
Киншаса Конго
67%
Владимир Клязьма
67%
Калуга Ока
67%
Челябинск Миасс
67%
Архангельск Северная Двина
67%
Рига Даугава
50%
Гродно Неман
50%
Тбилиси Кура
50%
Франкфурт Майн
50%
Владикавказ Терек
50%
Орлеан Луара
50%
Екатеринбург Исеть
50%
Дрезден Эльба
33%
Прага Влтава
33%
Монреаль Св. Лаврентия
33%
Загреб Сава
33%
Липецк Воронеж
33%
Сеул Хан
33%
Сьюдад-Хуарес Рио-Гранде
33%
Великий Новгород Волхов
33%
Анадырь Анадырь
33%
Эн-Наджаф Евфрат
33%
Гуанчжоу Чжуцзян
33%
Киров Вятка
33%
Росарио Парана
33%
Брянск Десна
33%
Минск Свислочь
33%
Астана Ишим
17%
Лион Рона
17%
Лиссабон Тежу
17%
Черновцы Прут
17%
Вашингтон Потомак
17%
Маастрихт Маас
17%
Ливерпуль Мерси
17%
Берлин Шпре
17%
Кызылорда Сырдарья
17%
Асунсьон Парагвай
17%
Грозный Сунжа
17%
Амстердам Амстель
0%
Афины Эридан
0%
Тамбов Цна
0%
Мандалай Иравади
0%
Николаев Южный Буг
0%
Эссен Рур
0%
Порту Дуэро
0%
Портленд Колумбия
0%
Банги Убанги
0%
Череповец Шексна
0%
Мурманск Мурман
0%
Сьюдад-Гуаяна Ориноко
0%
Омаха Миссури
0%
Банжул Гамбия
0%
Вильнюс Вильня
0%
Нукус Амударья
0%
Штуттгарт Неккар
0%
Цинциннати Огайо
0%
Оттава Оттава
0%
Ханой Хонгха (Красная)
0%
Кабул Кабул
0%
Старый Оскол Оскол
0%
No matching quizzes found
Score Distribution
Percent of People with Each Score
Percentile by Number Answered
Your Score History
You have not taken this quiz